书目信息 |
| 题名: |
目录组织规则
|
|
| 作者: | ;北京图书馆编目部 编 | |
| 分册: | 图书部分 | |
| 出版信息: | 北京 书目文献出版社 1980 |
|
| 页数: | 64页 | |
| 开本: | 19cm | |
| 丛书名: | ||
| 单 册: | ||
| 中图分类: | G254.33 | |
| 科图分类: | ||
| 主题词: | 目录组织--标准 | |
| 电子资源: | ||
| ISBN: | 7201.13 | |
| 000 | 00654nam0 2200229 450 | |
| 001 | 0184006052 | |
| 005 | 20100713171619.0 | |
| 010 | @a7201.13@dCNY0.25 | |
| 091 | @a7201.13@dCNY0.25 | |
| 100 | @a20080604d1980 em y0chiy0121 ea | |
| 101 | 0 | @achi |
| 102 | @aCN@b110000 | |
| 105 | @ay z 000yy | |
| 106 | @ar | |
| 200 | 1 | @a目录组织规则@9Mu Lu Zu Zhi Gui Ze @i图书部分@f北京图书馆编目部编 |
| 210 | @a北京@c书目文献出版社@d1980 | |
| 215 | @a64页@d19cm | |
| 606 | 0 | @a目录组织@x标准 |
| 690 | @aG254.33@v4 | |
| 711 | 02 | @a北京图书馆编目部@9bei jing tu shu guan bian mu bu@4编 |
| 801 | 0 | @aCN@bAzMarc@c20130904 |
| 905 | @aBZT@dG254.33@e1@f1@sG254.33/1 | |
| 目录组织规则.图书部分/北京图书馆编目部编.-北京:书目文献出版社,1980 |
| 64页;19cm |
| ISBN 7201.13:CNY0.25 |
| ● |
| 相关链接 |
|
|
|
正题名:目录组织规则
索取号:G254.33/1
 
预约/预借
| 序号 | 登录号 | 条形码 | 馆藏地/架位号 | 状态 | 备注 |
| 1 | 2000038005 | 2000038005 | 旧书回溯/ [索取号:G254.33/1] | 在馆 |